|
|
|
|
| LEADER |
02767nam a2200721 a 4500 |
| 001 |
nkc20122391264 |
| 003 |
CZ PrNK |
| 005 |
20201130095036.0 |
| 007 |
ta |
| 008 |
121115s2012 xr g 000 f cze |
| 015 |
|
|
|a cnb002391264
|
| 020 |
|
|
|a 978-80-7304-154-0
|q (brož.) :
|c Kč 199,00
|
| 035 |
|
|
|a (OCoLC)823820767
|
| 040 |
|
|
|a ABA001
|b cze
|
| 043 |
|
|
|a e-ru---
|a e-xr---
|b e-xr-pg
|2 czenas
|
| 045 |
|
|
|a w8x2
|
| 072 |
|
7 |
|a 821.162.3-3
|x Česká próza
|2 Konspekt
|9 25
|
| 072 |
|
7 |
|a 929
|x Biografie
|2 Konspekt
|9 8
|
| 080 |
|
|
|a 821.162.3-31
|2 MRF
|
| 080 |
|
|
|a (=411.16)
|2 MRF
|
| 080 |
|
|
|a 929
|2 MRF
|
| 080 |
|
|
|a 94(100)"1914/1918"
|2 MRF
|
| 080 |
|
|
|a 355.318.2
|2 MRF
|
| 080 |
|
|
|a 26-832
|2 MRF
|
| 080 |
|
|
|a 316.72/.75-027.22
|2 MRF
|
| 080 |
|
|
|a 323
|2 MRF
|
| 080 |
|
|
|a (470+571)
|2 MRF
|
| 080 |
|
|
|a (437.311)
|2 MRF
|
| 080 |
|
|
|a (0:82-312.6)
|2 MRF
|
| 100 |
1 |
|
|a Všetička, František,
|d 1932-
|7 jk01151091
|4 aut
|
| 245 |
1 |
0 |
|a Léta legionů :
|b (historie Františka, Josefa a Jiřího Langerových) /
|c František Všetička
|
| 250 |
|
|
|a 1. vyd.
|
| 260 |
|
|
|a Praha :
|b Akropolis,
|c 2012
|
| 300 |
|
|
|a 189 s. ;
|c 18 cm
|
| 600 |
1 |
7 |
|a Langer, František,
|d 1888-1965
|7 jk01071520
|2 czenas
|
| 600 |
1 |
7 |
|a Langer, Jiří,
|d 1894-1943
|7 jk01071526
|2 czenas
|
| 600 |
1 |
7 |
|a Langer, Josef,
|d 1890-1941
|7 jx20121207002
|2 czenas
|
| 610 |
2 |
7 |
|a Československé legie
|7 kn20020322444
|2 czenas
|
| 648 |
|
7 |
|a 19.-20. století
|7 ch757015
|2 czenas
|
| 648 |
|
4 |
|a 1888-1920
|
| 648 |
|
7 |
|a 1901-1920
|7 ch1032672
|2 czenas
|
| 650 |
0 |
7 |
|a Židé
|7 ph127782
|z Česko
|y 19.-20. století
|2 czenas
|
| 650 |
0 |
7 |
|a první světová válka (1914-1918)
|7 ph126327
|2 czenas
|
| 650 |
0 |
7 |
|a zahraniční vojenské jednotky
|7 ph137529
|z Rusko
|y 1914-1920
|2 czenas
|
| 650 |
0 |
7 |
|a chasidismus
|7 ph114231
|2 czenas
|
| 650 |
0 |
7 |
|a kulturní život
|7 ph122030
|z Česko
|y 1901-1920
|2 czenas
|
| 650 |
0 |
9 |
|a Jews
|z Czechia
|y 19th-20th centuries
|2 eczenas
|
| 650 |
0 |
9 |
|a World War (1914-1918)
|2 eczenas
|
| 650 |
0 |
9 |
|a external forces
|z Russia
|y 1914-1920
|2 eczenas
|
| 650 |
0 |
9 |
|a Hasidism
|2 eczenas
|
| 650 |
0 |
9 |
|a cultural life
|z Czechia
|y 1901-1920
|2 eczenas
|
| 651 |
|
7 |
|a Česko
|7 ge128065
|x společnost a politika
|y 1901-1920
|2 czenas
|
| 651 |
|
7 |
|a Praha (Česko)
|7 ge118011
|2 czenas
|
| 651 |
|
9 |
|a Czechia
|x society and politics
|y 1901-1920
|2 eczenas
|
| 651 |
|
9 |
|a Prague (Czechia)
|2 eczenas
|
| 655 |
|
7 |
|a biografické romány
|7 fd131905
|2 czenas
|
| 655 |
|
9 |
|a biographical novels
|2 eczenas
|
| 856 |
4 |
1 |
|u http://www.digitalniknihovna.cz/mzk/uuid/uuid:b9987e40-1b71-11e3-a5bb-005056827e52
|y Digitalizovaný dokument
|x NDK
|
| 910 |
2 |
|
|a BOA001
|b 1-1294.456
|
| 990 |
|
|
|a BK
|
| 995 |
|
|
|a 01
|
| 991 |
|
|
|b 201212
|e b
|
| 996 |
6 |
|
|b 2610529764
|c 1-1294.456
|l MZK
|r Sklad / do 1 hodiny
|n 2
|p p.v.
|w 001301395
|u 000010
|a 1
|e BOA001
|j MZK50
|s P
|